Ngữ văn 9

Thông qua những mẫu chuyện, Ngữ văn Lớp 9 hướng dẫn giáo viên phương pháp giảng dạy Ngữ văn cho học sinh. Trong đó giảng dạy những phần như: từ vựng, bố cục văn bản, luyện từ và câu, tập làm văn,......

Celý popis

Uloženo v:
Podrobná bibliografie
Hlavní autor: Nguyễn, Khắc Phi
Médium: Kniha
Jazyk:Undetermined
Vydáno: Hà Nội Giáo dục Việt Nam 2020
Témata:
Tagy: Přidat tag
Žádné tagy, Buďte první, kdo otaguje tento záznam!
Thư viện lưu trữ: Trung tâm Học liệu Trường Đại học Cần Thơ
LEADER 00980nam a2200217Ia 4500
001 CTU_239052
008 210402s9999 xx 000 0 und d
020 |c 14000 
082 |a 495.9220712 
082 |b Ph300/T.1 
100 |a Nguyễn, Khắc Phi 
245 0 |a Ngữ văn 9 
245 0 |c Nguyễn Khắc Phi (Tổng chủ biên) 
260 |a Hà Nội 
260 |b Giáo dục Việt Nam 
260 |c 2020 
520 |a Thông qua những mẫu chuyện, Ngữ văn Lớp 9 hướng dẫn giáo viên phương pháp giảng dạy Ngữ văn cho học sinh. Trong đó giảng dạy những phần như: từ vựng, bố cục văn bản, luyện từ và câu, tập làm văn,... 
650 |a Vietnamese philology,Ngữ văn Việt Nam 
650 |x Study and teaching (Secondary),Dạy và học (Trung học) 
904 |i Hải 
980 |a Trung tâm Học liệu Trường Đại học Cần Thơ